00437nam a2200169Ia 4500008004100000041001200041082001200053100002000065245004000085365000800125520001400133546001200147630004000159650001400199655001400213730004000227101110s9999 xx 000 0 und d aENGLISH bSR21785 aDogra and Dogra aPhysical Chemistry through problems b165 aChemistry aENGLISH aPhysical Chemistry through problems aChemistry aChemistry aPhysical Chemistry through problems